LEADER 01183nam a2200277 a 4500 001 000000119315 003 CaOOAMICUS 005 20100119124001.0 008 100119t2009 it 000 0 ita d 020 $a978-88-215-6542-7 040 $aPUL$bita$dReb 100 1 $aMazza, Giuseppe.$0(OLS)http://pul/name/68335 245 10$aDio al limite :$bprospettive per un cristianesimo di soglia /$cGiuseppe Mazza. 260 $aCinisello Balsamo :$bSan Paolo,$c©2009. 300 $a203 p. ;$c21 cm 490 1 $aUniverso teologia ;$v091 504 $aBibliografia: p. 181-203. 650 4$aCristianesimo.$0(OLS)http://pul/subject/787 650 4$aTeologia.$0(OLS)http://pul/subject/118 830 0$aUniverso teologia ;$v091.$0(OLS)http://pul/title/37119 850 $aPUL 852 $aPUL$W1$xSL Religione 3$y85$m261. 5 MAZGI 1$j136909$qDDC 21$B135937$CPULBib$Z2$F135937 $H112032 $82 941 1 $a9 996 $6020$a978-88-215-6542-7$9(OLS)http://pul/number/143031 996 $6245$aDio al limite :$bprospettive per un cristianesimo di soglia$9(OLS)http://pul/title/150137 996 $6260$aCinisello Balsamo :$bSan Paolo$9(OLS)http://pul/publisher/54577 LEADER 02294namaa2200397 a 4500 001 000000178500 003 CaOOAMICUS 005 20260216120758.0 008 260216s2025 vc u000 u ita r 020 $a978-88-465-1349-6* 032 $aLibriCat 040 $aPUL$bita 082 04$a303.6 111 0 $aConvegno internazionale Ordine globale o regionale ? In dialogo su tendenze e dottrine in un mondo che cambia: Pontificia Universitą Lateranense, Roma, 24 marzo 2025.$0(OLS)http://pul/name/114866 245 10$aOrdine globale o regionale ?: $bIn dialogo su tendenze e dottrine in un mondo che cambia. Atti del Convegno Pontificia Universitą Lateranense, 24 marzo 2025 /$cGiulio Alfano, Giuseppe Casale (edd.) 260 $aCittą del Vaticano :$bLibreria editrice vaticana,$c©2025$aCittą del Vaticano :$bLateran University Press - Pontificia Universitą Lateranense 300 $a182 pagine ;$c24 cm 336 $atesto$btxt$2rdacontent 337 $asenza mediazione$bn$2rdamedia 338 $avolume$bnc$2rdacarrier 490 1 $aCultura della Pace. Atti ;$v02 504 $aBibliografia in nota. 650 4$aPace internazionale.$0(OLS)http://pul/subject/18832 650 4$aPace$xAspetti religiosi.$0(OLS)http://pul/subject/35532 700 1 $aCasale, Giuseppe,$d1980-,$ecuratore.$0(OLS)http://pul/name/92757 700 1 $aAlfano, Giulio,$d1959-,$ecuratore.$0(OLS)http://pul/name/33137 830 0$aCultura della Pace; Atti ;$v02.$0(OLS)http://pul/title/218909 850 $aPUL 852 $aPUL$W1$xSL Diritto e Scienze Sociali 3$y79$m303. 6 COLL 1.1.2$j202321$qDDC 21$B207623$CPULBib$Z2$F207623 $H138448 $82 941 1 $a9 996 $6020$a978-88-465-1349-6*$9(OLS)http://pul/number/170872 996 $6082$a303.6$9(OLS)http://pul/classification/1936 996 $6245$aOrdine globale o regionale ?: $bIn dialogo su tendenze e dottrine in un mondo che cambia. Atti del Convegno Pontificia Universitą Lateranense, 24 marzo 2025$9(OLS)http://pul/title/220095 996 $6260$aCittą del Vaticano :$bLibreria editrice vaticana$9(OLS)http://pul/publisher/47920 996 $6260$aCittą del Vaticano :$bLateran University Press - Pontificia Universitą Lateranense$9(OLS)http://pul/publisher/87521